000 00299nam a22001337a 4500
008 171103b xxu||||| |||| 00| 0 eng d
020 _a9780131865914
041 _aeng
080 _a339.138
100 _a60
101 _amar
245 _aMARKETING AN INTRODUCTION
_cKOTLER.A
942 _2udc
_cBK
999 _c37503
_d37503